000
00259nam a22001217a 4500
008
180207b xxu||||| |||| 00| 0 eng d
041
_a
eng
080
_a
617
100
_a
8
101
_a
ORT
245
_a
Clinical orthopeadics
_c
Palma,A.F
942
_2
udc
_c
BK
999
_c
42026
_d
42026